书目信息 |
| 题名: |
数学试验
|
|
| 作者: | 乐经良 著 | |
| 分册: | ||
| 出版信息: | 北京 高等教育出版社 1999 |
|
| 页数: | 274页 | |
| 开本: | 26cm | |
| 丛书名: | ||
| 单 册: | ||
| 中图分类: | O29 , O1-43 | |
| 科图分类: | ||
| 主题词: | 数学 | |
| 电子资源: | ||
| ISBN: | 7-04-007706-X | |
| 000 | 00521nam0 2200193 450 | |
| 001 | 1548872361 | |
| 005 | 20150131184911.15 | |
| 010 | @a7-04-007706-X@dCNY17.30 | |
| 100 | @a20070903d km y0chiy0120 ea | |
| 101 | 0 | @achi |
| 200 | 1 | @a数学试验@Ashu xue shi yan@f乐经良著@Fyue jing liang zhu |
| 210 | @a北京@c高等教育出版社@d1999 | |
| 215 | @a274页@d26cm | |
| 606 | 0 | @a数学 |
| 690 | @aO29@v3 | |
| 690 | @aO1-43@v4 | |
| 701 | 0 | @a乐经良@Ayue jing liang@4著 |
| 801 | 0 | @aCN@bTSSF@c20150131 |
| 905 | @a213230@dO1-43@eJY34@f1 | |
| 数学试验/乐经良著.-北京:高等教育出版社,1999 |
| 274页;26cm |
| ISBN 7-04-007706-X:CNY17.30 |
| ● |
| 相关链接 |
|
|
|
|
正题名:数学试验
索取号:O1-43/JY34
 
预约/预借
| 序号 | 登录号 | 条形码 | 馆藏地/架位号 | 状态 | 备注 |
| 1 | 7862459 | 278624598 | 学院路分馆/ [索取号:O1-43/JY34] | 在馆 | |
| 2 | 7862463 | 278624632 | 学院路分馆/ [索取号:O1-43/JY34] | 在馆 | |
| 3 | 7862464 | 278624641 | 学院路分馆/ [索取号:O1-43/JY34] | 在馆 | |
| 4 | 7862465 | 278624650 | 学院路分馆/ [索取号:O1-43/JY34] | 在馆 |